000
00434nam a22001337a 4500
020
_a
9788170356455
082
_a
576
_b
KUM/MI
100
_a
Kumar, H.D
_9
311
245
_a
Microbiology And Nanobiology: Advancing Frontiers
250
_a
1
260
_a
Delhi
_b
Daya Publishing House
_c
2010
300
_a
381
942
_c
BK
999
_c
14239
_d
14239